Statistics for Standard Evaluation Assessment

Click here to take the quiz!

General Stats

  • This quiz has been taken 4 times
  • The average score is 4 of 7

Answer Stats

QuestionAnswer% Correct
How many provinces does Armenia have?11
100%
What is Njerep?A language
75%
What medical procedure does EGD stand for?Esophagogastroduodenoscopy
50%
What is the official name of Japan?Japan
50%
What is the capital city of Faroe Islands?Tórshavn
50%
What is the official name of Vietnam?Socialist Republic of Vietnam
25%
What is the most populous city of Armavir?Vagharshapat
25%

Score Distribution

Percentile by Number Answered

Percent of People with Each Score

Your Score History

You have not taken this quiz